Statistics for Criminal Law: Non-Fatal Offences Against the Person

Click here to take the quiz!

General Stats

  • This quiz has been taken 18 times
  • The average score is 2 of 17

Answer Stats

HintAnswer% Correct
Mens rea of GBH (with intent)Intention
67%
Elements for liabilityAssault or battery
33%
Mens rea of ABHIntention or recklessness
17%
Mens rea of assault and batteryIntention or recklessness
17%
StatuteOffences Against the Person Act 1861
17%
Definition of GBHSerious injury (temporary or permanent)
17%
Elements for liabilityV suffers ABH
17%
Actus reus of assaultApprehension of imminent threat of unlawful force
0%
Actus reus of ABHAssault or battery occasioning ABH
0%
Actus reus of GBH (without intent)Inflicting GBH
0%
Actus reus of GBH (with intent)Inflicting GBH
0%
Mens rea of GBH (without intent)Recklessness as to some injury
0%
SectionS.18 Offences Against the Person Act 1861
0%
SectionS.20 Offences Against the Person Act 1861
0%
SectionS.39 Coroners and Justice Act 2009
0%
SectionS.47 Offences Against the Person Act 1861
0%
Actus reus of batteryUnlawful physical contact with V
0%

Score Distribution

Percentile by Number Answered

Percent of People with Each Score

Your Score History

You have not taken this quiz